000 00412nam a2200193Ia 4500
001 11992
003 GE_BSU
008 181216s||||||||xx |||||||||||||| ||und||
040 _cGE_BSU
080 _a821.111-32.1
100 _aRendell,Ruth
245 _aHarm Done
260 _aLondon
260 _bQuality Paperbacks direct.
260 _c1999.
300 _a394p;24cm.
653 _aHarm Done
942 _cBK
999 _c45169
_d45169